00490 2200181 4500001002100000005001700021008004100038020002100079035002400100082001000124084001600134100002000150245004100170260003100211300002500242650002100267990002000288YOGYA-1111000000008820170119092021.0 ind  a978-979-010-0633 0010-111100000000088 a028.5 a028.5 Ami H aAmijaya, Arieen aThe House Of Rainbow : Rumah Pelangi aJakartabBumi Aksarac2010 a196 hlmbIlusc20 cm aBacaan Bergambar a050-052-PD/B.11